000 00682nam a2200241 i 4500
001 C2-0233017
003 PPAK
005 20180728090150.0
008 010320s1997 my |||| ||||| | may d
020 _a9679752712
040 _aPPAK
_beng
_cPPAK
_erda
082 0 4 _a297.1229
_223
090 0 0 _a297.1229
_bAHM
_dR
100 0 _aAhmad Sonhadji Mohamad,
_eauthor
245 1 0 _aTafsir Al-Quran di radio Juz 19,20,21
264 1 _aKuala Lumpur :
_bPustaka Salam ,
_c1997
300 _a595 pages ;
_c25 cm
336 _2rdacontent
_atext
337 _2rdamedia
_aunmediated
338 _2rdacarrier
_avolume
650 1 0 _aKoran- Criticism, entrepretation, etc.
942 _ddc
_cB
999 _c152053
_d152053